| 000 | 00535nam a2200169Ia 4500 | ||
|---|---|---|---|
| 999 |
_c738 _d738 |
||
| 003 | OSt | ||
| 005 | 20210915124750.0 | ||
| 008 | 190216s9999||||xx |||||||||||||| ||und|| | ||
| 040 | _coclc | ||
| 082 |
_a297 _bALN/M |
||
| 100 |
_aAl Nadvi, Al Saair _98725 |
||
| 245 | 0 |
_aMa Da Kasira Al Alamu Bi In Hithathil Muslimeen / _cAl Saair Al Nadvi ; Abdul Hassan Ali Al Hasaniyyi |
|
| 260 | _bAcademy Of Islamic Research And Publication, | ||
| 300 | _a371p | ||
| 650 | _aArabic | ||
| 942 |
_cBK _2ddc _h297 _iALN/M _k297 _mALN/M |
||